DIGITAL workplace learning bridging formal and informal learning with digital technologies
Guardat en:
| Format: | Llibre |
|---|---|
| Idioma: | anglès |
| Publicat: |
Springer
2018
|
| Etiquetes: |
Afegir etiqueta
Sense etiquetes, Sigues el primer a etiquetar aquest registre!
|
MARC
| LEADER | 00000nam a22000007a 4500 | ||
|---|---|---|---|
| 008 | 231227b |||||||| |||| 00| 0 eng d | ||
| 020 | |a 9783319462141 | ||
| 245 | |a DIGITAL workplace learning |b bridging formal and informal learning with digital technologies |c /edited by Dirk Ifenthaler |g xxiv, 326p; ill | ||
| 250 | |c Ifenthaler, Dirk | ||
| 260 | |b Springer |c 2018 |h New York |i 701516 |l LB1028.3.D56 |m Educational technology - social aspects |m Computer-assisted instruction | ||
| 942 | |a lcc |c BK |e Johnson |f 27/12/23 | ||
| 952 | |0 0 |1 0 |2 lcc |4 0 |6 LB10283 D56 |7 0 |9 4720 |a HOL |b HOL |c LP |d 2023-12-27 |l 0 |o LB1028.3.D56 |p 2023-0633 |r 2023-12-27 00:00:00 |t 701516 |w 2023-12-27 |y BK | ||
| 999 | |c 2366 |d 2366 | ||